Finance for the nonfinancial manager

Bibliographic Details
Main Author: Spiro, Herbert T. (Author)
Format: Book
Published: New York : John Wiley , c1996
Edition:4th ed.
Subjects:

MARC

LEADER 00000cam a2200000 7i4500
001 0000033655
005 20051031093000.0
020 |a 0471127760 
090 0 0 |a HG173   |b .S67 1996 
100 0 |a Spiro, Herbert T. ,   |e author 
245 1 0 |a Finance for the nonfinancial manager   |c Herbert T. Spiro 
250 |a 4th ed. 
260 2 |a New York :   |b John Wiley ,   |c c1996 
300 |a xiv, 305 p. ;   |c 26 cm. 
504 |a Includes index 
650 0 |a Finance 
999 |a 1000067171   |b Book   |c OPEN SHELF (30 DAYS)   |e Gong Badak Campus